Mikrofiltrácia piva a pivných kalov s využitím keramických membrán

Na minha lista:
Detalhes bibliográficos
Autor principal: Bugan, Sathi Greta (Author)
Formato: Manuscrito Livro
Idioma:eslovaco
Publicado em: Bratislava : STU v Bratislave ChtF, 2000
Edição:Obháj.: 21.9.2000
Tags: Adicionar Tag
Sem tags, seja o primeiro a adicionar uma tag!

MARC

LEADER 00000ntm a22000003a 4500
001 stu57011
005 20150617225652.7
008 010221s2000----xo------------------slo-d
040 |a STU  |b slo 
041 0 |a slo 
044 |a xo 
080 |a 663.4(043.3) 
100 1 |a Bugan, Sathi Greta  |4 aut 
245 1 |a Mikrofiltrácia piva a pivných kalov s využitím keramických membrán 
250 |a Obháj.: 21.9.2000 
260 |a Bratislava :  |b STU v Bratislave ChtF,  |c 2000 
300 |a 111 s. Tab.,grafy,lit 
500 |a Katedra biochemickej technológie 
996 |b 284C018922  |c C*KD435  |l CCI  |s A  |a 24  |w stu57011_0001